Statistics for Popular YouTubers #3

Click here to take the quiz!

General Stats

  • This quiz has been taken 16 times
    (7 since last reset)
  • The average score is 4 of 15

Answer Stats

Subscribers (millions)HintAnswer% Correct
143Creates videos of nursery rhymes and children's songs.Cocomelon - Nursery Rhymes
67%
70.2Canadian singer who sang "Baby".Justin Bieber
67%
70.9Most well-known South Korean boy band.BangtanTV
50%
28.9Gaming channel run by Jimmy Donaldson.MrBeast Gaming
33%
10.6Crossed the US starting from only one penny.Ryan Trahan
33%
88.4Run by Zee Entertainment Enterprises Ltd.Zee Music Company
33%
45.8The largest Spanish-speaking Youtube channel in Mexico.Badabun
17%
44.1Features riddle, life hacks, and how-to videos.BRIGHT SIDE
17%
14.3"Cable News Network"CNN
17%
53.6His real name is Marshall Bruce Mathers III.EminemMusic
17%
101Features a Ukrainian-American girl called Diana.Kids Diana Show
17%
21.2Posts gaming videos mostly about Minecraft, Fortnite, and Among Us.SSundee
17%
6.34Author of "Your New Boyfriend," as well as much of the (earlier) Dream SMP storyline.Wilbur Soot
17%
6.22Features videos that answer a variety of questions, mostly about geography.RealLifeLore
0%
12.9Has a PhD, and features videos about education, math, and science.Veritasium
0%

Score Distribution

Percentile by Number Answered

Percent of People with Each Score

Your Score History

You have not taken this quiz since the last reset